تقرير اللجنة الفنية المؤلفة لفحص حالة جامع محمد على باشا الكبير بالقلعة بمصر
محفوظ في:
المؤلف الرئيسي:
التنسيق: كتاب
اللغة: Undetermined
منشور في:
Miṣr :
matbaeat fath allah alyas nuraa wawiladah,
1933.
الوسوم: إضافة وسم
لا توجد وسوم, كن أول من يضع وسما على هذه التسجيلة!
رقم الطلب: (F)NA6081 .M373
| LEADER | 00509nam a2200121Ia 4500 | ||
|---|---|---|---|
| 008 | 240329s9999||||xx |||||||||||||| ||und|| | ||
| 050 | 4 | |a (F)NA6081 .M373 | |
| 100 | 1 | |a وزارة الأوقاف. | |
| 245 | 1 | 0 | |a تقرير اللجنة الفنية المؤلفة لفحص حالة جامع محمد على باشا الكبير بالقلعة بمصر |c وزارة الأوقاف |
| 264 | 1 | |a Miṣr : |b matbaeat fath allah alyas nuraa wawiladah, |c 1933. | |
| 300 | |a 105, unnumbered pages |c 33 | ||
| 942 | |2 lcc |c BK | ||
| 999 | |c 57905 |d 57905 | ||
